Fr. Conceicao Rodrigues College of Engineering

Strain-Engineered MOSFET s (Record no. 31049)

MARC details
000 -LEADER
fixed length control field 00282nam a2200145Ia 4500
082 ## - DEWEY DECIMAL CLASSIFICATION NUMBER
Item number MAI
100 ## - MAIN ENTRY--PERSONAL NAME
Personal name Maiti/C.K/ Maiti/T.K
245 ## - TITLE STATEMENT
Title Strain-Engineered MOSFET s
260 ## - PUBLICATION, DISTRIBUTION, ETC.
Name of publisher, distributor, etc. CRC
Date of publication, distribution, etc. 2013
366 ## - TRADE AVAILABILITY INFORMATION
Publishers's discount category 25
300 ## - PHYSICAL DESCRIPTION
Extent 300
546 ## - LANGUAGE NOTE
Language note ENGLISH
942 ## - ADDED ENTRY ELEMENTS (KOHA)
Koha item type Reference Book
Holdings
Withdrawn status Lost status Damaged status Not for loan Collection Home library Current library Date acquired Source of acquisition Cost, normal purchase price Inventory number Total Checkouts Full call number Barcode Date last seen Cost, replacement price Price effective from Koha item type
        CRC Fr. Agnel's C.Rodrigues College of Engineering Fr. Agnel's C.Rodrigues College of Engineering 17/03/2023 Allied Publisher 1500.00 977 dt 05.02.2018   MAI 25137 17/03/2023 2000.00   Reference Book